000 00588nam a2200229Ia 4500
003 OSt
005 20221007101918.0
006 a|||||r|||| 00| 0
007 ta
008 221006b |||||||| |||| 00| 0 eng d
024 _a8,796
037 _cTextual
040 _aLCO
_cLCO
_beng
041 _2eng
_aeng
082 _aZm2,N91, N1
245 0 _aINCOME TAX REPORTS, Part-1, 3, 4 & 9
260 _aMadras
_bCompany Law Institute
_c1991
490 _v210
650 _aINCOME TAX REPORTS
_9704026
942 _hZm2,N91, N1
_cTEXL
999 _c1178359
_d1178359